Mots de la langue française terminés par "olet" - Statistiques

Statistiques générales
  • Ce quiz a été pris 171 fois
  • Le résultat moyen est 8 sur 15
Statistiques - réponses
Indice Mot % Correct
champignon bolet
92%
couleur violet
92%
arme pistolet
82%
bâton de montagne piolet
72%
battant volet
64%
49300 Cholet
59%
haricot flageolet
56%
thym serpolet
52%
93170 Bagnolet
51%
véhicule hippomobile cabriolet
50%
poème triolet
33%
cheville servant de point d'appui à l'aviron tolet
27%
appelationn d'une liqueur guignolet
16%
pain (argot) brignolet
6%
ancienne coiffure de paysanne bavolet
3%
Aucun quiz correspondant
Distribution des résultats
% des personnes avec chaque résultat
Percentile par nombre de réponses
Votre historique - résultats
Vous n’avez pas pris ce quiz